| 000 | 00844nam a2200253Ia 4500 | ||
|---|---|---|---|
| 003 | GCL | ||
| 005 | 20240530105426.0 | ||
| 008 | 140319s9999 xx 000 0 ara d | ||
| 040 |
_aGCL / _cGCL |
||
| 082 | 0 | 4 |
_a320.101 _bح ف |
| 100 | 1 | _aحامد عمار | |
| 245 | 1 | 0 |
_aفى بناء الانسان العربى / _cحامد عمار |
| 260 |
_a[S.N] : _bدار المعرفة الجامعية ، _c1988 |
||
| 300 | _a468 ص | ||
| 490 |
_aعلم الاجتماع قضايا الانسان والمجتمع _v0 |
||
| 650 | 0 | 4 | _aالاجتماع التربوى - علم |
| 650 | 0 | 4 | _aالثواب والعقاب |
| 650 | 0 | 4 | _aالخدمة الاجتماعية |
| 650 | 0 | 4 | _aعلم النفس |
| 650 | 0 | 4 | _aعلم النفس التربوى |
| 650 | 0 | 4 | _aالاجتماع |
| 650 | 0 | 4 | _aالانثربولوجيا |
| 942 |
_2ddc _cBK |
||
| 999 |
_c55917 _d55917 |
||